000 00448nam a2200181Ia 4500
001 19387
005 20260306172649.0
008 260306t2000||||xx |||||||||||||| ||spa||
041 _aESP
082 _a658.8708
_bG27
100 _aGastañaduy, Alfonso
_eAUT
245 0 _aFranquicias:
_bopción de desarrollo estratégico
260 _c2000
300 _a305 páginas :
_c21cm.
650 _aGEN
654 _aCAN
942 _cLIB
_dJUS
_fJUS
_2ddc
_n
999 _c19387
_d19387